000
00244nam a22001097a 4500
082
_a
954/SAD
100
_a
Sadhu, S.L.
_9
16295
245
_a
Medieval Kashmir
260
_a
New Delhi
_b
Atlantic
_c
2022
650
_a
Indian History
_9
227
942
_c
BK
999
_c
68995
_d
68995